000 00570nam a2200193 a 4500
001 000010438
005 20240412074218.0
008 091007t1990 dr 000 p spa d
040 _aDO-SdBNP
_bspa
_cBNPHU
082 _aRD861.44
_bM181v
100 1 _aMadera, Osiris
_914884
245 1 0 _aVersos yambicos /
_cOsiris Madera.
260 _aSanto Domingo :
_bDe Colores,
_c1990.
300 _a100 p. ;
_c22 cm.
590 _aInventariado, 2018/LP
650 0 _aPoesía dominicana
_966
650 0 _aLiteratura dominicana.
_967
910 _aValidado. Control de calidad EMS
999 _c10197
_d10197